[Event "EYCC 2024 - G16"]
[Site "?"]
[Date "2024.08.23"]
[Round "2.1"]
[White "Shvedova, Alexandra"]
[Black "Ingel, Mica Bar"]
[Result "1-0"]
[BlackElo "1911"]
[WhiteElo "2219"]
[LiveChessVersion "1.4.8"]

1. e4 {[%clk 1:30:57]} e5 {[%clk 1:30:54]} 2. Nf3 {[%clk 1:31:19]} Nc6
{[%clk 1:31:19]} 3. Bc4 {[%clk 1:31:45]} Nf6 {[%clk 1:31:45]} 4. d3
{[%clk 1:32:10]} Bc5 {[%clk 1:32:04]} 5. O-O {[%clk 1:32:33]} O-O
{[%clk 1:32:04]} 6. c3 {[%clk 1:32:51]} d6 {[%clk 1:31:50]} 7. a4
{[%clk 1:33:00]} a5 {[%clk 1:32:17]} 8. h3 {[%clk 1:33:19]} h6 {[%clk 1:32:42]}
9. Re1 {[%clk 1:32:59]} Be6 {[%clk 1:31:54]} 10. Nbd2 {[%clk 1:32:42]} Bxc4
{[%clk 1:32:12]} 11. Nxc4 {[%clk 1:29:37]} Re8 {[%clk 1:32:25]} 12. Ne3
{[%clk 1:25:02]} Bxe3 {[%clk 1:22:08]} 13. Bxe3 {[%clk 1:25:01]} Qd7
{[%clk 1:18:01]} 14. Nh4 {[%clk 1:21:26]} Ne7 {[%clk 1:09:32]} 15. Qf3
{[%clk 1:14:19]} Qe6 {[%clk 1:01:06]} 16. d4 {[%clk 1:05:20]} c6 {[%clk 0:58:31]}
17. dxe5 {[%clk 0:59:22]} Qxe5 {[%clk 0:52:34]} 18. Bf4 {[%clk 0:55:39]} Qe6
{[%clk 0:46:23]} 19. e5 {[%clk 0:54:26]} Nfd5 {[%clk 0:41:43]} 20. exd6
{[%clk 0:47:25]} Qf6 {[%clk 0:41:15]} 21. Bg3 {[%clk 0:45:34]} Qxf3
{[%clk 0:37:47]} 22. Nxf3 {[%clk 0:41:15]} Nf5 {[%clk 0:35:55]} 23. Bh2
{[%clk 0:41:00]} Rxe1+ {[%clk 0:27:06]} 24. Rxe1 {[%clk 0:41:24]} g6
{[%clk 0:25:03]} 25. g4 {[%clk 0:33:58]} Ng7 {[%clk 0:24:28]} 26. Nd4
{[%clk 0:34:15]} Rd8 {[%clk 0:22:39]} 27. c4 {[%clk 0:33:17]} Nb6
{[%clk 0:20:53]} 28. b3 {[%clk 0:33:40]} Ne8 {[%clk 0:19:07]} 29. c5
{[%clk 0:33:43]} Nd7 {[%clk 0:18:55]} 30. Rc1 {[%clk 0:33:26]} Nef6
{[%clk 0:19:00]} 31. f3 {[%clk 0:26:20]} Nd5 {[%clk 0:16:50]} 32. Bg3
{[%clk 0:24:25]} Nb4 {[%clk 0:15:33]} 33. Rc4 {[%clk 0:15:41]} Nd3
{[%clk 0:14:04]} 34. Bf2 {[%clk 0:12:41]} Re8 {[%clk 0:12:28]} 35. Nc2
{[%clk 0:07:50]} Re2 {[%clk 0:08:43]} 36. Bd4 {[%clk 0:07:33]} N3e5
{[%clk 0:05:11]} 37. Kf1 {[%clk 0:07:04]} Rd2 {[%clk 0:05:13]} 38. Bxe5
{[%clk 0:06:33]} Nxe5 {[%clk 0:05:34]} 39. Rc3 {[%clk 0:06:56]} Kf8
{[%clk 0:05:31]} 40. Ne1 {[%clk 0:06:38]} Rd5 {[%clk 0:05:00]} 41. Ke2
{[%clk 0:06:50]} Nd7 {[%clk 0:05:15]} 42. Nd3 {[%clk 0:07:16]} f5
{[%clk 0:04:40]} 43. Nf4 {[%clk 0:05:51]} Re5+ {[%clk 0:04:48]} 44. Kd3
{[%clk 0:05:39]} Kf7 {[%clk 0:04:48]} 45. Kd4 {[%clk 0:05:53]} g5
{[%clk 0:04:09]} 46. Nd3 {[%clk 0:06:10]} Rd5+ {[%clk 0:04:24]} 47. Kc4
{[%clk 0:06:09]} b6 {[%clk 0:04:15]} 48. b4 {[%clk 0:06:12]} axb4
{[%clk 0:04:10]} 49. Kxb4 {[%clk 0:06:27]} Rd4+ {[%clk 0:04:19]} 50. Ka3
{[%clk 0:06:26]} bxc5 {[%clk 0:04:16]} 51. Nxc5 {[%clk 0:06:46]} Nxc5
{[%clk 0:04:33]} 52. Rxc5 {[%clk 0:07:13]} Rxd6 {[%clk 0:04:52]} 53. Rxf5+
{[%clk 0:07:31]} Ke6 {[%clk 0:04:12]} 54. a5 {[%clk 0:07:40]} Rd1
{[%clk 0:04:04]} 55. Kb2 {[%clk 0:06:32]} Rd2+ {[%clk 0:04:04]} 56. Kb3
{[%clk 0:06:43]} Rd1 {[%clk 0:04:12]} 57. Kc4 {[%clk 0:05:34]} Ra1
{[%clk 0:03:17]} 58. Kb4 {[%clk 0:05:45]} Rb1+ {[%clk 0:02:53]} 59. Kc5
{[%clk 0:05:50]} Kd7 {[%clk 0:02:00]} 60. a6 {[%clk 0:05:04]} Rb5+
{[%clk 0:01:08]} 61. Kc4 {[%clk 0:05:27]} Rb6 {[%clk 0:00:39]} 62. a7
{[%clk 0:05:50]} Ra6 {[%clk 0:00:58]} 63. Rf8 {[%clk 0:05:58]} Ra4+
{[%clk 0:00:36]} 64. Kb3 {[%clk 0:06:23]} Rxa7 {[%clk 0:00:54]} 65. Rf7+
{[%clk 0:06:49]} Kd6 {[%clk 0:01:08]} 66. Rxa7 {[%clk 0:07:14]} Ke5
{[%clk 0:01:26]} 67. Kc4 {[%clk 0:07:32]} Kf4 {[%clk 0:01:44]} 68. Rh7
{[%clk 0:07:57]} 1-0

[Event "EYCC 2024 - G16"]
[Site "?"]
[Date "2024.08.23"]
[Round "2.2"]
[White "Vujatovic, Irina"]
[Black "Sprzeczka, Emilia"]
[Result "0-1"]
[BlackElo "2149"]
[WhiteElo "1913"]
[LiveChessVersion "1.4.8"]

1. e4 {[%clk 1:30:57]} c5 {[%clk 1:30:51]} 2. Nf3 {[%clk 1:31:23]} d6
{[%clk 1:31:15]} 3. Bb5+ {[%clk 1:31:50]} Bd7 {[%clk 1:31:39]} 4. Bxd7+
{[%clk 1:32:16]} Qxd7 {[%clk 1:32:00]} 5. O-O {[%clk 1:32:41]} Nc6
{[%clk 1:32:06]} 6. c3 {[%clk 1:33:06]} d5 {[%clk 1:29:49]} 7. e5
{[%clk 1:30:11]} e6 {[%clk 1:29:29]} 8. d4 {[%clk 1:30:25]} Rc8 {[%clk 1:29:17]}
9. a3 {[%clk 1:26:49]} c4 {[%clk 1:10:34]} 10. Be3 {[%clk 1:25:08]} h5
{[%clk 1:09:04]} 11. Nbd2 {[%clk 1:18:36]} Nh6 {[%clk 1:04:58]} 12. Nh4
{[%clk 1:14:17]} Ng4 {[%clk 1:02:06]} 13. Bf4 {[%clk 1:13:00]} Be7
{[%clk 0:58:16]} 14. Nhf3 {[%clk 1:10:46]} Qd8 {[%clk 0:53:36]} 15. h3
{[%clk 1:07:40]} Nh6 {[%clk 0:40:50]} 16. Bxh6 {[%clk 1:03:41]} Rxh6
{[%clk 0:41:07]} 17. Nh2 {[%clk 1:01:35]} g5 {[%clk 0:38:50]} 18. Qe2
{[%clk 0:54:45]} Kd7 {[%clk 0:33:52]} 19. b3 {[%clk 0:46:22]} cxb3
{[%clk 0:29:21]} 20. Nxb3 {[%clk 0:44:30]} a6 {[%clk 0:25:54]} 21. c4
{[%clk 0:42:56]} dxc4 {[%clk 0:24:24]} 22. Nc5+ {[%clk 0:35:26]} Kc7
{[%clk 0:21:24]} 23. Rab1 {[%clk 0:30:38]} Bxc5 {[%clk 0:19:28]} 24. dxc5
{[%clk 0:30:06]} Qd4 {[%clk 0:18:11]} 25. Rfd1 {[%clk 0:27:15]} Qxc5
{[%clk 0:17:17]} 26. Qd2 {[%clk 0:26:50]} Kb8 {[%clk 0:14:02]} 27. Qxg5
{[%clk 0:19:20]} Rg6 {[%clk 0:13:02]} 28. Qf4 {[%clk 0:18:42]} Rg7
{[%clk 0:10:35]} 29. Rd7 {[%clk 0:12:10]} b5 {[%clk 0:08:27]} 30. Rd6
{[%clk 0:06:03]} Rcg8 {[%clk 0:05:42]} 31. g4 {[%clk 0:04:49]} hxg4
{[%clk 0:06:04]} 32. hxg4 {[%clk 0:05:13]} Nxe5 {[%clk 0:05:18]} 33. Rd4
{[%clk 0:04:25]} Rxg4+ {[%clk 0:04:23]} 34. Nxg4 {[%clk 0:04:46]} Rxg4+
{[%clk 0:03:39]} 35. Qxg4 {[%clk 0:05:05]} Nxg4 {[%clk 0:04:04]} 36. Rxg4
{[%clk 0:05:30]} c3 {[%clk 0:04:22]} 0-1

[Event "EYCC 2024 - G16"]
[Site "?"]
[Date "2024.08.23"]
[Round "2.3"]
[White "Moskalets, Sofiia"]
[Black "Mykhailets, Polina"]
[Result "1/2-1/2"]
[BlackElo "1907"]
[WhiteElo "2119"]
[LiveChessVersion "1.4.8"]

1. e4 {[%clk 1:30:56]} e6 {[%clk 1:30:51]} 2. d4 {[%clk 1:31:17]} d5
{[%clk 1:31:12]} 3. Nd2 {[%clk 1:31:39]} Nf6 {[%clk 1:31:23]} 4. e5
{[%clk 1:32:02]} Nfd7 {[%clk 1:31:48]} 5. f4 {[%clk 1:32:12]} c5 {[%clk 1:32:10]}
6. c3 {[%clk 1:32:35]} Nc6 {[%clk 1:32:27]} 7. Ndf3 {[%clk 1:32:52]} Qb6
{[%clk 1:31:57]} 8. g3 {[%clk 1:33:08]} Be7 {[%clk 1:31:48]} 9. Kf2
{[%clk 1:32:32]} f6 {[%clk 1:29:46]} 10. Kg2 {[%clk 1:32:41]} O-O
{[%clk 1:29:09]} 11. Bd3 {[%clk 1:32:17]} a5 {[%clk 1:25:43]} 12. Ne2
{[%clk 1:27:16]} a4 {[%clk 1:21:36]} 13. a3 {[%clk 1:19:10]} Ndb8
{[%clk 1:07:54]} 14. Qc2 {[%clk 1:08:05]} f5 {[%clk 1:05:55]} 15. Qd1
{[%clk 1:08:10]} Bd7 {[%clk 1:03:50]} 16. h3 {[%clk 1:05:29]} Na5
{[%clk 1:01:09]} 17. Rb1 {[%clk 1:03:33]} Nb3 {[%clk 0:53:24]} 18. Be3
{[%clk 1:00:39]} cxd4 {[%clk 0:46:38]} 19. cxd4 {[%clk 0:57:34]} Bb5
{[%clk 0:45:46]} 20. g4 {[%clk 0:52:45]} Bxd3 {[%clk 0:37:32]} 21. Qxd3
{[%clk 0:53:07]} Qa6 {[%clk 0:36:44]} 22. Qd1 {[%clk 0:52:53]} Nd7
{[%clk 0:33:04]} 23. gxf5 {[%clk 0:43:48]} Rxf5 {[%clk 0:32:19]} 24. Nc1
{[%clk 0:41:07]} Raf8 {[%clk 0:23:45]} 25. Nxb3 {[%clk 0:37:52]} axb3
{[%clk 0:24:08]} 26. Rf1 {[%clk 0:28:37]} Qb5 {[%clk 0:19:43]} 27. Rc1
{[%clk 0:25:16]} Nb6 {[%clk 0:19:04]} 28. Rc3 {[%clk 0:24:00]} Nc4
{[%clk 0:18:48]} 29. Bc1 {[%clk 0:24:03]} Na5 {[%clk 0:12:20]} 30. Rf2
{[%clk 0:20:26]} Qe8 {[%clk 0:10:10]} 31. Kh2 {[%clk 0:18:15]} b5
{[%clk 0:08:31]} 32. Qg1 {[%clk 0:14:17]} Qd8 {[%clk 0:05:07]} 33. Nd2
{[%clk 0:08:29]} Rxf4 {[%clk 0:00:57]} 34. Rxf4 {[%clk 0:08:47]} Rxf4
{[%clk 0:01:21]} 35. Nxb3 {[%clk 0:09:04]} Rf5 {[%clk 0:00:41]} 36. Nxa5
{[%clk 0:07:50]} Qxa5 {[%clk 0:01:06]} 37. Be3 {[%clk 0:03:24]} Qd8
{[%clk 0:00:50]} 38. Qc1 {[%clk 0:03:29]} Qf8 {[%clk 0:00:40]} 39. Rc8
{[%clk 0:03:18]} Bd8 {[%clk 0:01:05]} 40. Kg2 {[%clk 0:03:12]} Qe7
{[%clk 0:00:54]} 41. Bf2 {[%clk 0:01:11]} Kf7 {[%clk 0:00:49]} 42. Bg3
{[%clk 0:01:14]} h5 {[%clk 0:00:55]} 43. h4 {[%clk 0:01:27]} g5 {[%clk 0:00:39]}
44. hxg5 {[%clk 0:01:38]} Rxg5 {[%clk 0:00:48]} 45. Kh2 {[%clk 0:01:14]} Rxg3
{[%clk 0:00:46]} 46. Qf4+ {[%clk 0:01:37]} Ke8 {[%clk 0:00:45]} 47. Qxg3
{[%clk 0:02:01]} Kd7 {[%clk 0:00:51]} 48. Rc1 {[%clk 0:02:00]} Qf7
{[%clk 0:00:57]} 49. Kg2 {[%clk 0:01:32]} h4 {[%clk 0:01:16]} 50. Qg4
{[%clk 0:01:48]} Qh7 {[%clk 0:01:02]} 51. Rf1 {[%clk 0:01:39]} Bb6
{[%clk 0:01:05]} 52. Rf6 {[%clk 0:01:43]} Qe4+ {[%clk 0:01:13]} 53. Qxe4
{[%clk 0:02:05]} dxe4 {[%clk 0:01:42]} 54. d5 {[%clk 0:02:19]} Bd4
{[%clk 0:00:40]} 55. Rxe6 {[%clk 0:01:48]} Bxb2 {[%clk 0:01:04]} 56. Rh6
{[%clk 0:00:58]} Bxe5 {[%clk 0:01:21]} 57. Rxh4 {[%clk 0:01:10]} Kd6
{[%clk 0:01:34]} 58. Rxe4 {[%clk 0:01:32]} Kxd5 {[%clk 0:01:58]} 59. Rb4
{[%clk 0:01:46]} Kc5 {[%clk 0:02:19]} 60. Kf3 {[%clk 0:02:03]} Bc3
{[%clk 0:02:31]} 61. Rb1 {[%clk 0:01:28]} Kc4 {[%clk 0:01:55]} 62. Ke4
{[%clk 0:01:42]} Bg7 {[%clk 0:01:20]} 63. Rb4+ {[%clk 0:01:52]} Kc5
{[%clk 0:01:38]} 64. Kd3 {[%clk 0:02:14]} Kc6 {[%clk 0:00:53]} 65. Kc2
{[%clk 0:02:05]} Bf8 {[%clk 0:00:48]} 66. Rb3 {[%clk 0:02:31]} Bg7
{[%clk 0:01:02]} 67. Rf3 {[%clk 0:02:38]} Bd4 {[%clk 0:00:57]} 68. Kb3
{[%clk 0:00:56]} Bc5 {[%clk 0:01:10]} 69. Rd3 {[%clk 0:00:46]} Kc7
{[%clk 0:01:25]} 70. Rd5 {[%clk 0:00:35]} Kc6 {[%clk 0:01:49]} 71. Rf5
{[%clk 0:00:54]} Kb6 {[%clk 0:02:06]} 72. Rf6+ {[%clk 0:01:04]} Kb7
{[%clk 0:02:25]} 73. Rg6 {[%clk 0:01:15]} Kc7 {[%clk 0:02:40]} 74. Rf6
{[%clk 0:01:22]} Kb7 {[%clk 0:02:53]} 75. a4 {[%clk 0:01:37]} bxa4+
{[%clk 0:03:17]} 76. Kxa4 {[%clk 0:02:03]} Bd4 {[%clk 0:02:43]} 77. Rg6
{[%clk 0:02:27]} Be5 {[%clk 0:02:46]} 78. Kb5 {[%clk 0:02:52]} Ka8
{[%clk 0:02:52]} 79. Re6 {[%clk 0:03:05]} Bb8 {[%clk 0:02:11]} 80. Kc6
{[%clk 0:03:06]} Ba7 {[%clk 0:01:56]} 81. Re4 {[%clk 0:03:09]} Bb8
{[%clk 0:02:06]} 82. Rb4 {[%clk 0:03:21]} Ba7 {[%clk 0:01:34]} 83. Kc7
{[%clk 0:03:44]} Be3 {[%clk 0:00:36]} 84. Ra4+ {[%clk 0:03:06]} Ba7
{[%clk 0:01:00]} 85. Re4 {[%clk 0:02:54]} Bb8+ {[%clk 0:01:22]} 86. Kc8
{[%clk 0:03:18]} Ba7 {[%clk 0:01:43]} 87. Re8 {[%clk 0:03:25]} Bb8
{[%clk 0:01:53]} 88. Rg8 {[%clk 0:03:23]} Ka7 {[%clk 0:01:51]} 89. Rg2
{[%clk 0:03:00]} Ka8 {[%clk 0:02:08]} 90. Rb2 {[%clk 0:03:21]} Ba7
{[%clk 0:02:28]} 91. Kc7 {[%clk 0:03:42]} Be3 {[%clk 0:01:57]} 92. Rb4
{[%clk 0:03:54]} Ba7 {[%clk 0:02:17]} 93. Rb3 {[%clk 0:04:11]} Bd4
{[%clk 0:02:31]} 94. Rb8+ {[%clk 0:04:08]} Ka7 {[%clk 0:02:56]} 95. Rb4
{[%clk 0:04:17]} Be5+ {[%clk 0:03:22]} 96. Kc6 {[%clk 0:04:38]} Ka8
{[%clk 0:03:20]} 1/2-1/2

[Event "EYCC 2024 - G16"]
[Site "?"]
[Date "2024.08.23"]
[Round "2.4"]
[White "Sekova, Olivia"]
[Black "Zadrapova, Amalie"]
[Result "1-0"]
[BlackElo "1894"]
[WhiteElo "2073"]
[LiveChessVersion "1.4.8"]

1. e4 {[%clk 1:30:57]} c5 {[%clk 1:30:55]} 2. Nf3 {[%clk 1:31:18]} d6
{[%clk 1:31:19]} 3. d4 {[%clk 1:31:43]} cxd4 {[%clk 1:31:43]} 4. Nxd4
{[%clk 1:32:07]} Nf6 {[%clk 1:32:05]} 5. Nc3 {[%clk 1:32:28]} a6 {[%clk 1:32:27]}
6. Be3 {[%clk 1:32:49]} e5 {[%clk 1:32:49]} 7. Nb3 {[%clk 1:33:13]} Be6
{[%clk 1:32:57]} 8. h3 {[%clk 1:33:35]} Nbd7 {[%clk 1:31:05]} 9. g4
{[%clk 1:33:54]} Nc5 {[%clk 1:28:51]} 10. Nxc5 {[%clk 1:27:51]} dxc5
{[%clk 1:29:08]} 11. g5 {[%clk 1:27:54]} Nd7 {[%clk 1:26:24]} 12. Nd5
{[%clk 1:24:55]} Bxd5 {[%clk 1:21:34]} 13. Qxd5 {[%clk 1:21:45]} Qc7
{[%clk 1:21:14]} 14. O-O-O {[%clk 1:21:10]} Rc8 {[%clk 1:06:57]} 15. Kb1
{[%clk 1:16:11]} Nb6 {[%clk 1:04:28]} 16. Qd2 {[%clk 1:16:28]} Be7
{[%clk 1:03:17]} 17. Be2 {[%clk 1:14:46]} O-O {[%clk 1:01:45]} 18. Bg4
{[%clk 0:59:02]} Rcd8 {[%clk 0:55:33]} 19. Qe2 {[%clk 0:56:23]} Na4
{[%clk 0:55:16]} 20. c3 {[%clk 0:49:43]} c4 {[%clk 0:48:59]} 21. Rxd8
{[%clk 0:47:10]} Rxd8 {[%clk 0:46:52]} 22. Rd1 {[%clk 0:47:00]} Bd6
{[%clk 0:45:50]} 23. Rd5 {[%clk 0:45:38]} b5 {[%clk 0:29:18]} 24. Qd1
{[%clk 0:41:48]} Nb6 {[%clk 0:27:15]} 25. Rd2 {[%clk 0:41:24]} Qc6
{[%clk 0:16:10]} 26. Ka1 {[%clk 0:41:32]} b4 {[%clk 0:15:22]} 27. f4
{[%clk 0:41:04]} bxc3 {[%clk 0:06:07]} 28. bxc3 {[%clk 0:41:25]} Qc7
{[%clk 0:04:53]} 29. fxe5 {[%clk 0:40:27]} Be7 {[%clk 0:05:17]} 30. e6
{[%clk 0:38:09]} Rb8 {[%clk 0:02:11]} 31. exf7+ {[%clk 0:37:15]} Kf8
{[%clk 0:02:08]} 32. Qf3 {[%clk 0:28:23]} Qb7 {[%clk 0:00:59]} 33. Bf4
{[%clk 0:28:19]} Ra8 {[%clk 0:00:58]} 34. e5 {[%clk 0:27:43]} Qxf3
{[%clk 0:00:56]} 35. Bxf3 {[%clk 0:28:08]} Rc8 {[%clk 0:01:10]} 36. e6
{[%clk 0:27:49]} Na4 {[%clk 0:01:11]} 37. Bb7 {[%clk 0:27:15]} Rc5
{[%clk 0:01:10]} 38. Bd6 {[%clk 0:27:21]} Rf5 {[%clk 0:00:58]} 39. Kb1
{[%clk 0:25:29]} Rb5+ {[%clk 0:01:07]} 40. Bb4 {[%clk 0:25:52]} Nxc3+
{[%clk 0:00:59]} 41. Kc2 {[%clk 0:25:33]} Rxb4 {[%clk 0:01:09]} 42. Rd7
{[%clk 0:25:43]} Nb5 {[%clk 0:00:45]} 43. Bxa6 {[%clk 0:25:56]} Nd6
{[%clk 0:00:53]} 44. h4 {[%clk 0:25:02]} Rb8 {[%clk 0:00:55]} 45. Kc3
{[%clk 0:23:08]} Ra8 {[%clk 0:00:55]} 46. Bb7 {[%clk 0:23:20]} Rxa2
{[%clk 0:00:40]} 47. Bd5 {[%clk 0:23:43]} g6 {[%clk 0:00:43]} 48. Bxc4
{[%clk 0:22:24]} Nxc4 {[%clk 0:01:04]} 49. Kxc4 {[%clk 0:22:48]} Ra4+
{[%clk 0:01:10]} 50. Kd5 {[%clk 0:22:42]} Rxh4 {[%clk 0:01:00]} 51. Rc7
{[%clk 0:22:49]} Rf4 {[%clk 0:00:54]} 52. Rc8+ {[%clk 0:23:14]} 1-0

[Event "EYCC 2024 - G16"]
[Site "?"]
[Date "2024.08.23"]
[Round "2.5"]
[White "Li Chen, Helena Joana"]
[Black "Lorenz, Veronika"]
[Result "1-0"]
[BlackElo "1884"]
[WhiteElo "2057"]
[LiveChessVersion "1.4.8"]

1. e4 {[%clk 1:30:58]} e5 {[%clk 1:31:00]} 2. Nf3 {[%clk 1:31:20]} Nc6
{[%clk 1:31:28]} 3. Bc4 {[%clk 1:31:42]} Bc5 {[%clk 1:31:57]} 4. c3
{[%clk 1:32:03]} Nf6 {[%clk 1:32:25]} 5. d3 {[%clk 1:32:25]} d6 {[%clk 1:32:36]}
6. O-O {[%clk 1:32:48]} Bb6 {[%clk 1:32:32]} 7. Re1 {[%clk 1:32:22]} O-O
{[%clk 1:32:51]} 8. h3 {[%clk 1:32:22]} Ne7 {[%clk 1:33:11]} 9. Nbd2
{[%clk 1:30:06]} c6 {[%clk 1:33:29]} 10. Bb3 {[%clk 1:30:20]} Ng6
{[%clk 1:33:33]} 11. d4 {[%clk 1:29:31]} h6 {[%clk 1:24:48]} 12. Nf1
{[%clk 1:24:33]} exd4 {[%clk 1:17:01]} 13. cxd4 {[%clk 1:24:56]} d5
{[%clk 1:17:27]} 14. e5 {[%clk 1:25:23]} Ne4 {[%clk 1:11:05]} 15. Ng3
{[%clk 1:25:46]} Nxg3 {[%clk 1:11:29]} 16. fxg3 {[%clk 1:26:12]} Bf5
{[%clk 1:02:28]} 17. Be3 {[%clk 1:22:48]} f6 {[%clk 0:59:46]} 18. g4
{[%clk 1:21:51]} Be4 {[%clk 0:59:48]} 19. Nd2 {[%clk 1:22:16]} Bd3
{[%clk 1:00:11]} 20. Nb1 {[%clk 1:22:25]} Be4 {[%clk 0:42:11]} 21. Nc3
{[%clk 1:21:52]} Kh8 {[%clk 0:42:11]} 22. Nxe4 {[%clk 1:18:09]} dxe4
{[%clk 0:42:18]} 23. e6 {[%clk 1:18:34]} Qd6 {[%clk 0:33:02]} 24. Qc2
{[%clk 1:05:20]} Bxd4 {[%clk 0:08:21]} 25. Rad1 {[%clk 1:02:35]} Bxe3+
{[%clk 0:08:49]} 26. Rxe3 {[%clk 1:03:04]} Qb4 {[%clk 0:06:26]} 27. Rxe4
{[%clk 1:01:12]} Qb6+ {[%clk 0:06:55]} 28. Kh1 {[%clk 1:01:29]} Ne5
{[%clk 0:07:08]} 29. g5 {[%clk 0:43:40]} hxg5 {[%clk 0:03:26]} 30. Qe2
{[%clk 0:44:04]} g4 {[%clk 0:01:03]} 31. Rxg4 {[%clk 0:44:08]} Nxg4
{[%clk 0:01:01]} 32. Qxg4 {[%clk 0:44:31]} Qe3 {[%clk 0:01:23]} 33. Qh4+
{[%clk 0:40:27]} Qh6 {[%clk 0:01:51]} 34. Qe1 {[%clk 0:40:49]} Rfe8
{[%clk 0:00:35]} 35. Rd4 {[%clk 0:35:27]} g5 {[%clk 0:00:38]} 36. Qe4
{[%clk 0:35:04]} Qg7 {[%clk 0:00:37]} 37. Qf3 {[%clk 0:28:40]} Rad8
{[%clk 0:00:33]} 38. Re4 {[%clk 0:28:17]} Re7 {[%clk 0:00:45]} 39. Kg1
{[%clk 0:26:08]} Kg8 {[%clk 0:00:54]} 40. h4 {[%clk 0:25:50]} Kf8
{[%clk 0:00:46]} 41. Rg4 {[%clk 0:19:42]} Qg6 {[%clk 0:00:34]} 42. Rxg5
{[%clk 0:19:25]} Qb1+ {[%clk 0:00:51]} 43. Kh2 {[%clk 0:19:47]} Qh7
{[%clk 0:00:35]} 44. Qxf6+ {[%clk 0:18:05]} Ke8 {[%clk 0:01:04]} 45. Rg4
{[%clk 0:17:36]} Rd6 {[%clk 0:00:34]} 46. Qe5 {[%clk 0:17:35]} Rd8
{[%clk 0:00:59]} 47. Bc2 {[%clk 0:17:21]} 1-0

[Event "EYCC 2024 - G16"]
[Site "?"]
[Date "2024.08.23"]
[Round "2.6"]
[White "Pinyol I Llora, Julia"]
[Black "Trunz, Michelle"]
[Result "0-1"]
[BlackElo "2055"]
[WhiteElo "1909"]
[LiveChessVersion "1.4.8"]

1. d4 {[%clk 1:30:57]} d5 {[%clk 1:30:56]} 2. c4 {[%clk 1:31:17]} c6
{[%clk 1:31:21]} 3. Nf3 {[%clk 1:31:36]} Nf6 {[%clk 1:31:16]} 4. Nc3
{[%clk 1:31:38]} dxc4 {[%clk 1:31:21]} 5. a4 {[%clk 1:31:50]} Bf5
{[%clk 1:31:04]} 6. e3 {[%clk 1:32:01]} e6 {[%clk 1:30:41]} 7. Bxc4
{[%clk 1:32:08]} Nbd7 {[%clk 1:27:22]} 8. O-O {[%clk 1:30:15]} Be7
{[%clk 1:23:51]} 9. Qe2 {[%clk 1:28:32]} Ne4 {[%clk 1:23:39]} 10. Rd1
{[%clk 1:22:06]} O-O {[%clk 1:23:14]} 11. Nxe4 {[%clk 1:17:50]} Bxe4
{[%clk 1:23:39]} 12. Ne1 {[%clk 1:14:11]} Nb6 {[%clk 1:13:56]} 13. Bb3
{[%clk 1:10:22]} Nd5 {[%clk 1:11:33]} 14. f3 {[%clk 1:04:29]} Bg6
{[%clk 1:11:55]} 15. e4 {[%clk 1:03:29]} Nb4 {[%clk 1:11:41]} 16. Be3
{[%clk 1:01:41]} Qa5 {[%clk 1:07:36]} 17. Nd3 {[%clk 0:58:34]} Nxd3
{[%clk 1:06:08]} 18. Qxd3 {[%clk 0:56:52]} Rfd8 {[%clk 1:03:31]} 19. Qe2
{[%clk 0:55:46]} Rd7 {[%clk 0:54:36]} 20. Qf2 {[%clk 0:49:04]} Rad8
{[%clk 0:52:34]} 21. Rac1 {[%clk 0:44:09]} Qb4 {[%clk 0:50:13]} 22. Rc3
{[%clk 0:41:52]} Bf6 {[%clk 0:49:00]} 23. Rcd3 {[%clk 0:35:35]} c5
{[%clk 0:43:59]} 24. d5 {[%clk 0:28:35]} Be7 {[%clk 0:34:03]} 25. Qd2
{[%clk 0:25:34]} Qb6 {[%clk 0:27:31]} 26. Qc2 {[%clk 0:24:06]} e5
{[%clk 0:22:38]} 27. Bc4 {[%clk 0:21:42]} Bd6 {[%clk 0:21:57]} 28. Bb5
{[%clk 0:19:51]} Re7 {[%clk 0:21:38]} 29. b4 {[%clk 0:17:54]} Rc8
{[%clk 0:21:20]} 30. Rc3 {[%clk 0:15:50]} Rec7 {[%clk 0:21:08]} 31. Rb1
{[%clk 0:11:13]} cxb4 {[%clk 0:18:15]} 32. Bxb6 {[%clk 0:08:59]} Rxc3
{[%clk 0:18:40]} 33. Qxc3 {[%clk 0:05:34]} bxc3 {[%clk 0:18:52]} 34. Be3
{[%clk 0:05:19]} c2 {[%clk 0:18:36]} 35. Re1 {[%clk 0:04:29]} Bb4
{[%clk 0:17:26]} 36. Rf1 {[%clk 0:04:04]} a6 {[%clk 0:15:45]} 37. Bd7
{[%clk 0:02:26]} Rc3 {[%clk 0:16:03]} 38. Bd2 {[%clk 0:02:23]} Bc5+
{[%clk 0:16:22]} 39. Kh1 {[%clk 0:02:48]} Rd3 {[%clk 0:16:33]} 40. Bc1
{[%clk 0:02:00]} Rd1 {[%clk 0:16:48]} 0-1

[Event "EYCC 2024 - G16"]
[Site "?"]
[Date "2024.08.23"]
[Round "2.7"]
[White "Szczotka, Klara"]
[Black "Balazs, Sztella Anna"]
[Result "1-0"]
[BlackElo "1879"]
[WhiteElo "2053"]
[LiveChessVersion "1.4.8"]

1. e4 {[%clk 1:30:59]} c5 {[%clk 1:30:56]} 2. Nf3 {[%clk 1:31:21]} Nc6
{[%clk 1:31:22]} 3. Bb5 {[%clk 1:31:47]} g6 {[%clk 1:31:48]} 4. Bxc6
{[%clk 1:32:10]} bxc6 {[%clk 1:32:13]} 5. d4 {[%clk 1:32:36]} cxd4
{[%clk 1:32:38]} 6. Qxd4 {[%clk 1:33:02]} f6 {[%clk 1:33:01]} 7. O-O
{[%clk 1:32:38]} d6 {[%clk 1:33:18]} 8. Re1 {[%clk 1:29:51]} Bg7 {[%clk 1:30:32]}
9. c4 {[%clk 1:19:53]} c5 {[%clk 1:30:30]} 10. Qd3 {[%clk 1:19:42]} Nh6
{[%clk 1:28:02]} 11. Nc3 {[%clk 1:18:01]} Nf7 {[%clk 1:26:23]} 12. Bf4
{[%clk 1:15:25]} O-O {[%clk 1:25:18]} 13. Rad1 {[%clk 1:15:09]} Bb7
{[%clk 1:23:02]} 14. h4 {[%clk 1:13:43]} Qc8 {[%clk 1:08:08]} 15. Nd5
{[%clk 1:00:27]} Re8 {[%clk 1:05:01]} 16. Nh2 {[%clk 0:53:50]} Rb8
{[%clk 0:55:20]} 17. b3 {[%clk 0:52:47]} Bc6 {[%clk 0:51:55]} 18. h5
{[%clk 0:49:55]} g5 {[%clk 0:50:18]} 19. Bc1 {[%clk 0:49:29]} Bd7
{[%clk 0:48:17]} 20. Qg3 {[%clk 0:46:18]} h6 {[%clk 0:41:48]} 21. Bb2
{[%clk 0:42:12]} a5 {[%clk 0:38:48]} 22. f4 {[%clk 0:38:56]} a4 {[%clk 0:36:25]}
23. f5 {[%clk 0:36:28]} axb3 {[%clk 0:35:41]} 24. axb3 {[%clk 0:36:54]} Qb7
{[%clk 0:34:12]} 25. Rd3 {[%clk 0:36:43]} Nd8 {[%clk 0:33:16]} 26. Ng4
{[%clk 0:35:48]} Nc6 {[%clk 0:26:52]} 27. Bxf6 {[%clk 0:28:52]} exf6
{[%clk 0:23:09]} 28. Ndxf6+ {[%clk 0:29:14]} Kh8 {[%clk 0:22:24]} 29. Rxd6
{[%clk 0:25:30]} Re7 {[%clk 0:16:38]} 30. Nxd7 {[%clk 0:24:58]} Rxd7
{[%clk 0:16:15]} 31. Rxc6 {[%clk 0:24:45]} Rbd8 {[%clk 0:16:08]} 32. Re6
{[%clk 0:24:32]} Rd3 {[%clk 0:15:52]} 33. Re3 {[%clk 0:13:59]} Qxb3
{[%clk 0:06:50]} 34. f6 {[%clk 0:10:32]} Qd1+ {[%clk 0:03:01]} 35. Kh2
{[%clk 0:10:37]} Bf8 {[%clk 0:02:36]} 36. f7 {[%clk 0:06:04]} Bd6
{[%clk 0:01:42]} 37. Rxh6+ {[%clk 0:04:17]} Kg7 {[%clk 0:02:00]} 38. Rg6+
{[%clk 0:04:20]} Kxf7 {[%clk 0:01:48]} 39. Rxd6 {[%clk 0:03:47]} R3xd6
{[%clk 0:01:20]} 40. Rf3+ {[%clk 0:03:08]} Ke7 {[%clk 0:00:58]} 41. Qe5+
{[%clk 0:02:39]} Kd7 {[%clk 0:01:12]} 42. Qxc5 {[%clk 0:02:14]} Qc1
{[%clk 0:01:00]} 43. e5 {[%clk 0:01:54]} Rd1 {[%clk 0:00:54]} 44. Rf7+
{[%clk 0:02:12]} Ke6 {[%clk 0:00:48]} 45. Qe7# {[%clk 0:02:33]} 1-0